000
00232 a2200097 4500
001
51478
100
_a
Parker S P
245
_a
McGraw-Hill Encyclopedia of Engineering
260
_a
New York
_b
McGraw Hill
_c
090
_c
32602
_d
32602
942
_a
NUST-CAE
_c
M
_c
25117
999
_c
286551
_d
286551